000 00938cab a2200301 4500
001 ABS59487
008 090401t1998 xxu||||| |||| 00| 0 eng d
035 _a(Sirsi) u89007
041 _aeng
245 _aReclaiming our green and pleasant lands
260 _c1998
350 _a0
490 _aLandlines
_vSeptember 1998, 3-9(6)
520 _aCollection of articles on land reclamation, including legislative issues, barriers to the introduction of new decontamination technologies, costs and funding, current research, and examples of recent projects. Bibliography.
650 _aBROWNFIELD LAND
650 _aCLEAN-UP COSTS
650 _aCOALFIELDS
650 _aCONTAMINATED LAND
650 _aFUNDING
650 _aLAND RECLAMATION
650 _aLANDFILL SITES
650 _aLEGISLATION
650 _aLIABILITY
650 _aUNIVERSITY OF NOTTINGHAM
690 _aLAND
942 _n0
948 _c15/10/1998
999 _c56289
_d56289